| 000 | 00400nam a2200121Ia 4500 | ||
|---|---|---|---|
| 008 | 200226s9999 xx 000 0 und d | ||
| 020 | _a978-93-5154-107-3 | ||
| 100 | _aJacob, Cameron | ||
| 245 |
_cCameron Jacob.-- _aVenus dictionary of travel and tourism management / |
||
| 260 |
_aNew Delhi : _bVenus Books _c2016 |
||
| 300 |
_a200 pages : _billustrations ; _c25 cm. |
||
| 650 | _aTourism -- management. | ||
| 999 |
_c363000 _d363000 |
||